000 01427nam a2200349 c 4500
003 BLK
005 20241121132954.0
008 180410b bul|||||r ||||||| ||bul||
010 _aKNG00161848000
020 _a978-619-150-271-4
_bиздат.: Колибри
040 _aBLK
041 _aBUL
_cBUL
072 7 _2bullib
_aН83
_xЧужда художествена литература Н
080 _aПортугалска литература
_b821.134.3
_x-31
_z821.134.3-31
100 1 _aСарамаго, Жозе
_eпърви автор
_gСарамагу, Жузе
_9118946
700 1 _aСарамагу, Жузе
_e*
_9374887
700 1 _aЧалъкова, Илияна
_eпрев. от португ.
_9305986
139 _aСарамагу, Жузе
_bС 20
245 1 0 _aПроглеждане
_bРоман
_cЖозе Сарамаго; * Жузе Сарамагу; прев. от португ. Илияна Чалъкова.
257 _aPG
260 София
_bКолибри
_c2013
_fСофия : Симолини
300 _a336 с.
_c20 см
380 _aX
500 _aОриг. загл. Ensayo sobre a lucidez / Jose Saramago.
659 _aН
852 _aЦб 269241
856 4 _qpdf
_u
856 4 _qpdf
_u
942 _cKNG
_n0
_04
944 _aCR
_c10.06.2014
_lЦветелина Шанова
_k30531
944 _aED
_c30.10.2017
_lф /
_kВиолета_Тройчева
999 _c155174
_d155174